书目信息 |
| 题名: |
计算浅水动力学
|
|
| 作者: | 谭维炎 著 | |
| 分册: | ||
| 出版信息: | 北京 清华大学出版社 1998 |
|
| 页数: | 291页 | |
| 开本: | 20cm | |
| 丛书名: | ||
| 单 册: | ||
| 中图分类: | TV139.2 | |
| 科图分类: | ||
| 主题词: | 热工水力学 , 水力学 | |
| 电子资源: | ||
| ISBN: | 7-302-03056-1 | |
| 000 | 00615nam0 2200205 450 | |
| 001 | 0755077875 | |
| 005 | 20070830151757.87 | |
| 010 | @a7-302-03056-1 | |
| 100 | @a20070830d km y0chiy0120 ea | |
| 101 | 0 | @achi |
| 200 | 1 | @a计算浅水动力学@Aji suan qian shui dong li xue@e有限体积法的应用@f谭维炎著@Ftan wei yan zhu |
| 210 | @a北京@c清华大学出版社@d1998 | |
| 215 | @a291页@d20cm | |
| 517 | 1 | @a有限体积法的应用@Ayou xian ti ji fa de ying yong |
| 606 | 0 | @a热工水力学 |
| 606 | 0 | @a水力学 |
| 690 | @aTV139.2@v3 | |
| 701 | 0 | @a谭维炎@Atan wei yan@4著 |
| 801 | 0 | @aCN@bPFT@c20070830 |
| 905 | @a213230@dTV139.2@eP1@f1 | |
| 计算浅水动力学:有限体积法的应用/谭维炎著.-北京:清华大学出版社,1998 |
| 291页;20cm |
| ISBN 7-302-03056-1: |
| ● |
| 相关链接 |
|
|
|
|
正题名:计算浅水动力学
索取号:TV139.2/P1
 
预约/预借
| 序号 | 登录号 | 条形码 | 馆藏地/架位号 | 状态 | 备注 |
| 1 | 7200797 | 272007972 | 密集书库-物理学院/ [索取号:TV139.2/P1] | 在馆 | |
| 2 | 7200798 | 272007981 | 密集书库-物理学院/ [索取号:TV139.2/P1] | 在馆 |